01007nam a2200313 a 4500001001000000003000900010005001700019007000300036008003300039040003300072082002900105100003300134245003800167260000900205264003800214300002900252336002700281337003300308338002800341590002600369650002400395650002700419650002900446650002500475910004100500942001200541952012300553999001700676000008193DO-SdBPM20250625090730.0ta090915s1978 dr 000 j spa d aDO-SdBPMbspacBPMSUerdad  4aRD863.44bR572f 19782221 aRijo, José,d1915-eautor 10aFloreo :bcuentos /cJosé Rijo. b c  aSanto Domingo :bColonial,c1978. a92 páginas . ;c21 cm. atextobtxt2rdacontent asin mediaciónbn2rdamedia avolumenbnc2rdacarrier aInventariado, 2025/VM 7aCuentos dominicanos 7aLiteratura dominicana.z aShort stories, Dominicanz aDominican literature aVMateo V. Control de calidad. BPMSU  2ddccBK 00102ddc708CDaBPMETbBPMETd2025-06-25l0oBPMSU CD RD863.44 R572f 1978pBPMSU25060108r2025-06-25w2025-06-25yBK c15211d15211